Child development (Record no. 153052)

MARC details
000 -LEADER
fixed length control field 00625nam a22002057a 4500
005 - DATE AND TIME OF LATEST TRANSACTION
control field 20180701120921.0
010 ## - LCCN (DPL NO)
LC control number B-168658
020 ## - INTERNATIONAL STANDARD BOOK NUMBER
International Standard Book Number 8178088541
035 ## - SYSTEM CONTROL NUMBER
System control number B-168658
037 ## - SOURCE OF ACQUISITION
Source of stock number/acquisition Pearson
082 ## - DEWEY DECIMAL CLASSIFICATION NUMBER
Classification number 155.4
100 ## - MAIN ENTRY--PERSONAL NAME
Personal name Berk,E.Laura
245 ## - TITLE STATEMENT
Title Child development
Statement of responsibility, etc E.Laura Berk
250 ## - EDITION STATEMENT
Edition statement 6th ed.
260 ## - PUBLICATION, DISTRIBUTION, ETC. (IMPRINT)
Place of publication, distribution, etc Delhi
Name of publisher, distributor, etc Pearson
Date of publication, distribution, etc 2005
270 ## - ADDRESS
Address Indian Branch, 482 F.I.E. Patparganj, Delhi-110092
City Delhi
Postal code 110092
300 ## - PHYSICAL DESCRIPTION
Extent 707p.28cm(pb)
Dimensions 28cm(pb)
942 ## - ADDED ENTRY ELEMENTS (KOHA)
Source of classification or shelving scheme Dewey Decimal Classification
Item type English Books
Classification part 155.4
Call number suffix BER
Holdings
Withdrawn status Lost status Not for loan Collection code Home library Current library Date acquired Full call number Barcode Koha item type Public note
      Non-fiction Sarojini Nagar Sarojini Nagar 01/07/2018 155.4 BER B-168658 English Books Withdrawn List Prepared L.No.09/17

© Delhi Public Library
Hit Counter
free hit counter